000
00232nam a22000857a 4500
008
161217b xxu||||| |||| 00| 0 eng d
100
_9
2100
_a
Batten.D
245
_a
The Revised & Expanded Answers Book
260
_a
America
_b
Master book
_c
1990
999
_c
4988
_d
4988